[Event "43rd World Open"]
[Site "Arlington, VA"]
[Date "2015.07.02"]
[Round "3"]
[White "Vibbert, Sean"]
[Black "Kamsky, Gata"]
[Result "0-1"]
[WhiteElo "2360"]
[BlackElo "2672"]
[PlyCount "98"]
[EventDate "2015.07.??"]
[EventType "swiss"]
[EventRounds "9"]
[EventCountry "USA"]

1. e4 g6 2. Nc3 Bg7 3. g3 c5 4. d3 Nc6 5. Bg2 d6 6. Be3 e5 7. f4 exf4 8. Bxf4
Nge7 9. Qd2 Nd4 10. Nge2 Nxe2 11. Qxe2 Be6 12. O-O Nc6 13. Nd1 O-O 14. c3 Re8
15. Qd2 d5 16. exd5 Bxd5 17. Bxd5 Qxd5 18. Ne3 Qd7 19. Nc4 Re6 20. Rae1 Rae8
21. Rxe6 Rxe6 22. Re1 b5 23. Rxe6 Qxe6 24. Na3 a6 25. Qe3 Qxe3+ 26. Bxe3 Ne5
27. c4 b4 28. Nc2 Nxd3 29. b3 f5 30. Kf1 Bf8 31. Ke2 Ne5 32. h3 Kf7 33. Bf4 Nd7
34. Ne3 Nf6 35. Nd5 Ne4 36. g4 fxg4 37. hxg4 h5 38. gxh5 gxh5 39. Ke3 Nc3 40.
Nxc3 bxc3 41. a3 Ke6 42. Kd3 h4 43. Kxc3 h3 44. Bh2 Bd6 45. Bg1 a5 46. Kd3 Kf5
47. Ke3 h2 48. Bxh2 Bxh2 49. Kd3 Bd6 0-1

[Event "43rd World Open"]
[Site "Arlington, VA"]
[Date "2015.07.02"]
[Round "3"]
[White "Gulamali, Kazim"]
[Black "Nyzhnyk, Illia"]
[Result "0-1"]
[WhiteElo "2350"]
[BlackElo "2627"]
[PlyCount "82"]
[EventDate "2015.07.??"]
[EventType "swiss"]
[EventRounds "9"]
[EventCountry "USA"]

1. e4 c5 2. Nf3 d6 3. d4 cxd4 4. Nxd4 Nf6 5. Nc3 a6 6. Be3 e5 7. Nb3 Be6 8. h3
Nbd7 9. Qf3 Rc8 10. Bd3 Nb6 11. O-O Nc4 12. Bc1 Be7 13. Nd2 Nxd2 14. Bxd2 O-O
15. a4 Nd7 16. Qd1 Nb6 17. b3 Bg5 18. a5 Nd7 19. Na4 Bf4 20. Bb4 Qg5 21. Qf3
Rc6 22. Nb2 Rd8 23. Bc4 Nf8 24. Rfd1 h5 25. Bxe6 Nxe6 26. c3 h4 27. Nc4 Qg6 28.
Qg4 Ng5 29. f3 Qh6 30. Rd3 Nh7 31. Rad1 Nf6 32. Qf5 Ne8 33. Nxd6 Nxd6 34. Qg4
Bg5 35. c4 Be3+ 36. Kh1 Bd4 37. Bd2 Qh7 38. Be3 f5 39. Qg5 Nf7 40. Qxf5 Qxf5
41. exf5 Bxe3 0-1

[Event "43rd World Open"]
[Site "Arlington, VA"]
[Date "2015.07.02"]
[Round "3"]
[White "Avrukh, Boris"]
[Black "Cao, Jason"]
[Result "1-0"]
[WhiteElo "2605"]
[BlackElo "2332"]
[PlyCount "59"]
[EventDate "2015.07.??"]
[EventType "swiss"]
[EventRounds "9"]
[EventCountry "USA"]

1. d4 Nf6 2. c4 e6 3. g3 d5 4. Bg2 Bb4+ 5. Bd2 Be7 6. Nf3 c6 7. Qc2 Nbd7 8. O-O
b6 9. Bf4 Bb7 10. Rd1 O-O 11. Ne5 Rc8 12. Nc3 Nh5 13. Bc1 f5 14. Qa4 a6 15.
cxd5 Nxe5 16. d6 b5 17. dxe7 Qxe7 18. Qc2 Nc4 19. Na4 Nf6 20. Nc5 Nd5 21. b3
Nd6 22. e3 a5 23. Bd2 Ra8 24. Rac1 Rfc8 25. f3 Nb4 26. Bxb4 axb4 27. Qd2 Rc7
28. Rc2 Bc8 29. f4 Bd7 30. Qxb4 1-0

[Event "43rd World Open"]
[Site "Arlington, VA"]
[Date "2015.07.02"]
[Round "3"]
[White "Panchanathan, Magesh"]
[Black "Katz, Alexander"]
[Result "1/2-1/2"]
[WhiteElo "2541"]
[BlackElo "2320"]
[PlyCount "98"]
[EventDate "2015.07.??"]
[EventType "swiss"]
[EventRounds "9"]
[EventCountry "USA"]

1. e4 d6 2. d4 Nf6 3. Nc3 g6 4. Be3 c6 5. Qd2 b5 6. Bd3 e5 7. Nf3 exd4 8. Bxd4
Bg7 9. O-O O-O 10. a3 Re8 11. Rfe1 Nbd7 12. h3 Bb7 13. Rad1 a6 14. Be3 c5 15.
Bg5 Qb6 16. Qf4 Re6 17. Bh6 Rae8 18. Bxg7 Kxg7 19. Ng5 R6e7 20. Nf3 Ne5 21. Be2
b4 22. axb4 cxb4 23. Nd5 Bxd5 24. exd5 Nxf3+ 25. Qxf3 Qc5 26. Qd3 Nxd5 27. Qxd5
Rxe2 28. Rxe2 Rxe2 29. Qd4+ Qxd4 30. Rxd4 a5 31. Rxd6 Rxc2 32. Ra6 Rc1+ 33. Kh2
Ra1 34. b3 h5 35. h4 Ra3 36. f3 Kf8 37. Ra7 Ke8 38. Kg3 Kd8 39. Kf4 f6 40. g4
Kc8 41. gxh5 gxh5 42. Kg3 a4 43. bxa4 b3 44. Ra5 b2 45. Rb5 Ra2 46. a5 Kd7 47.
a6 Ke6 48. a7 Rxa7 49. Rxb2 Kf5 1/2-1/2

[Event "43rd World Open"]
[Site "Arlington, VA"]
[Date "2015.07.02"]
[Round "3"]
[White "Rohan, Ahuja"]
[Black "Debs, Felipe"]
[Result "1/2-1/2"]
[WhiteElo "2322"]
[BlackElo "2515"]
[PlyCount "144"]
[EventDate "2015.07.??"]
[EventType "swiss"]
[EventRounds "9"]
[EventCountry "USA"]

1. Nf3 d5 2. g3 c6 3. Bg2 Bg4 4. O-O Nd7 5. d4 Ngf6 6. Nbd2 e6 7. Re1 Be7 8. e4
O-O 9. e5 Ne8 10. Nb3 Nc7 11. Be3 Na6 12. Nc1 Rc8 13. Nd3 c5 14. c3 cxd4 15.
Bxd4 Nac5 16. Nxc5 Bxc5 17. Bxc5 Rxc5 18. Qd2 Bxf3 19. Bxf3 Qc7 20. Qe3 a5 21.
Rad1 Nb6 22. Be2 Nc4 23. Bxc4 Rxc4 24. Rd4 b5 25. a3 Rc8 26. Red1 Qb7 27. Rxc4
bxc4 28. Rd2 h6 29. h4 Qb3 30. Qe1 Rb8 31. Kh2 h5 32. Kg1 Rb7 33. Kh2 g6 34.
Kg1 Qa2 35. Qc1 Qb3 36. Qe1 Kg7 37. Kh2 Qb6 38. Qe2 Qc5 39. Qf3 Kg8 40. Kg1 Rb3
41. Qe2 Qb6 42. Kh2 Qb7 43. Rc2 Qb5 44. Rd2 a4 45. Rc2 Qb7 46. Rd2 Qb6 47. Kg2
Kg7 48. Kh2 Qb7 49. Rc2 Qb5 50. Rd2 Qb6 51. Kg2 Qb7 52. Kh2 d4 53. cxd4 Qd5 54.
Qd1 c3 55. bxc3 Rxc3 56. Qxa4 Rb3 57. Rd1 Qf3 58. Rf1 Rxa3 59. Qd7 Rd3 60. Qd8
Qf5 61. Qg5 Qf3 62. Qf4 Qxf4 63. gxf4 Rf3 64. Rd1 Rxf4 65. Kg3 Rg4+ 66. Kh3 Re4
67. f3 Re2 68. Kg3 Kf8 69. Rb1 Rd2 70. Rb8+ Kg7 71. Rb4 Kh6 72. Rb7 Kg7 1/2-1/2

[Event "43rd World Open"]
[Site "Arlington, VA"]
[Date "2015.07.02"]
[Round "3"]
[White "Leon, Isaac"]
[Black "Bachmann, Axel"]
[Result "0-1"]
[WhiteElo "2222"]
[BlackElo "2633"]
[PlyCount "122"]
[EventDate "2015.07.??"]
[EventType "swiss"]
[EventRounds "9"]
[EventCountry "USA"]

1. d4 Nf6 2. c4 e6 3. Nf3 Bb4+ 4. Bd2 a5 5. g3 d6 6. Bg2 Nbd7 7. Qc2 e5 8. O-O
O-O 9. Nc3 Re8 10. Rfd1 Bxc3 11. Bxc3 e4 12. Nd2 d5 13. cxd5 Qe7 14. Nc4 a4 15.
d6 cxd6 16. Bb4 Ra6 17. Ne3 Nb6 18. d5 Ng4 19. Nxg4 Bxg4 20. f3 Bf5 21. fxe4
Bg4 22. Rac1 Nd7 23. Rd3 Ne5 24. Rc3 Qg5 25. h3 Bd7 26. Rf1 Qh5 27. g4 Qg5 28.
Qc1 Qd8 29. Qe3 h6 30. Rc2 b5 31. Bc3 Ra8 32. Bd4 Rc8 33. Rxc8 Bxc8 34. a3 Nc4
35. Qf4 Qe7 36. Rc1 Bd7 37. Bc3 Rc8 38. Bf1 Be8 39. Bd4 f6 40. Qf5 Rc7 41. Rd1
Bf7 42. e3 Qe8 43. Bd3 Re7 44. e5 Nxe5 45. Qh7+ Kf8 46. Qh8+ Bg8 47. Bh7 Kf7
48. Bxe5 Rxe5 49. Bxg8+ Qxg8 50. Qxg8+ Kxg8 51. Kf2 Kf7 52. Rd4 f5 53. Kf3 Kf6
54. gxf5 Rxf5+ 55. Kg2 g5 56. e4 Rf4 57. Rb4 Ke5 58. Rxb5 Rxe4 59. Kf3 Rf4+ 60.
Kg3 Rd4 61. h4 Rxh4 0-1

[Event "43rd World Open"]
[Site "Arlington, VA"]
[Date "2015.07.02"]
[Round "3"]
[White "Maghami, Ehsan"]
[Black "Boas, Toby"]
[Result "1-0"]
[WhiteElo "2570"]
[BlackElo "2218"]
[PlyCount "67"]
[EventDate "2015.07.??"]
[EventType "swiss"]
[EventRounds "9"]
[EventCountry "USA"]

1. Nf3 Nf6 2. c4 b6 3. d4 e6 4. Nc3 Bb4 5. Bg5 h6 6. Bh4 g5 7. Bg3 Bb7 8. Nd2
d6 9. Rc1 Nbd7 10. e3 Bxc3 11. Rxc3 Ne4 12. Nxe4 Bxe4 13. h4 Rg8 14. hxg5 hxg5
15. Qa4 Ke7 16. c5 Nf6 17. f3 Bg6 18. cxd6+ cxd6 19. Rc6 Ne8 20. e4 Kf8 21. Qa3
Kg7 22. Qc3 d5 23. Ba6 Qe7 24. exd5 exd5+ 25. Kf2 g4 26. Qd2 Rh8 27. Rxh8 Kxh8
28. Qh6+ Bh7 29. Be5+ Kg8 30. Rf6 Ng7 31. fxg4 Re8 32. Bb5 Rd8 33. Rf3 f5 34.
Rh3 1-0

[Event "43rd World Open"]
[Site "Arlington, VA"]
[Date "2015.07.02"]
[Round "3"]
[White "Yanayt, Eugene"]
[Black "Shabalov, Alexander"]
[Result "0-1"]
[WhiteElo "2220"]
[BlackElo "2538"]
[PlyCount "58"]
[EventDate "2015.07.??"]
[EventType "swiss"]
[EventRounds "9"]
[EventCountry "USA"]

1. d4 d5 2. c4 c6 3. Nf3 Nf6 4. Qb3 e6 5. g3 dxc4 6. Qxc4 b5 7. Qc2 Bb7 8. Bg2
Nbd7 9. O-O Rc8 10. a4 c5 11. axb5 cxd4 12. Qd2 e5 13. Rxa7 Be4 14. Na3 Bc5 15.
Ra4 O-O 16. Nc4 Re8 17. b3 Rb8 18. b4 Bf8 19. Ra5 Rc8 20. Na3 Nd5 21. Ra7 Bxb4
22. Qg5 Nc3 23. Re1 f6 24. Qh4 Nxe2+ 25. Kf1 Bd3 26. Bd2 Bxd2 27. Nxd2 Nf4+ 28.
Kg1 Nxg2 29. Kxg2 Ra8 0-1

[Event "43rd World Open"]
[Site "Arlington, VA"]
[Date "2015.07.02"]
[Round "3"]
[White "Shetty, Atulya"]
[Black "Shi, Diwen"]
[Result "1/2-1/2"]
[WhiteElo "2368"]
[BlackElo "2153"]
[PlyCount "106"]
[EventDate "2015.07.??"]
[EventType "swiss"]
[EventRounds "9"]
[EventCountry "USA"]

1. c4 e5 2. g3 Nc6 3. Nc3 Bc5 4. Bg2 d6 5. Nf3 Nf6 6. d3 O-O 7. O-O a6 8. a3
Bg4 9. h3 Be6 10. b4 Ba7 11. Kh2 Qd7 12. Ng5 Rab8 13. f4 h6 14. Nf3 exf4 15.
gxf4 Nh7 16. Nd5 Nd4 17. e3 Nxf3+ 18. Qxf3 f5 19. Bb2 c6 20. Nc3 Rbe8 21. Rae1
Nf6 22. Nd1 Qf7 23. Qg3 d5 24. c5 Bb8 25. Qh4 Kh7 26. Kh1 Bc8 27. Bf3 Bc7 28.
Rg1 Bd8 29. Qf2 Rg8 30. Rg2 Nh5 31. Be5 g5 32. Reg1 g4 33. hxg4 fxg4 34. Bxg4
Ng3+ 35. Rxg3 Bxg4 36. Qh2 Rxe5 37. fxe5 Bf3+ 38. R1g2 Rxg3 39. Qxg3 Qh5+ 40.
Kg1 Bxg2 41. Kxg2 Qxd1 42. Qh3 Qe2+ 43. Kh1 Be7 44. Qd7 Qh5+ 45. Kg2 Qxe5 46.
Qxb7 Qxe3 47. Qxa6 Qe2+ 48. Kg1 Qg4+ 49. Kh2 Qf4+ 50. Kg2 Qg4+ 51. Kh2 Qd7 52.
d4 Qf5 53. Qxc6 Qf2+ 1/2-1/2

[Event "43rd World Open"]
[Site "Arlington, VA"]
[Date "2015.07.02"]
[Round "3"]
[White "Fikiet, Alex"]
[Black "Homa, Seth"]
[Result "1/2-1/2"]
[WhiteElo "2209"]
[BlackElo "2365"]
[PlyCount "82"]
[EventDate "2015.07.??"]
[EventType "swiss"]
[EventRounds "9"]
[EventCountry "USA"]

1. d4 Nf6 2. c4 e6 3. Nc3 Bb4 4. f3 d5 5. a3 Bxc3+ 6. bxc3 c6 7. Nh3 O-O 8. Bg5
Nbd7 9. e3 e5 10. cxd5 Qa5 11. Kf2 Qxc3 12. Rc1 Qxa3 13. dxc6 bxc6 14. dxe5 Nd5
15. Rxc6 Qb2+ 16. Rc2 Qxe5 17. e4 N7b6 18. exd5 Bxh3 19. f4 Qe4 20. Re2 Qb4 21.
Qd2 Qxd2 22. Rxd2 f6 23. Bh4 Bf5 24. Ba6 Rad8 25. Re1 Kf7 26. Kf3 Rfe8 27. g4
Bc8 28. Rxe8 Kxe8 29. Bb5+ Bd7 30. Bd3 Nxd5 31. Bxh7 Ne7 32. Ra2 Bc6+ 33. Kf2
Kf7 34. Bc2 Kf8 35. Ba4 Bd5 36. Rb2 a6 37. Bg3 Bc4 38. f5 Nd5 39. Rb8 Rxb8 40.
Bxb8 Kf7 41. Bd6 Nc3 1/2-1/2

[Event "43rd World Open"]
[Site "Arlington, VA"]
[Date "2015.07.02"]
[Round "3"]
[White "Ulrich, Rachel"]
[Black "Kretchetov, Alexander"]
[Result "0-1"]
[WhiteElo "2181"]
[BlackElo "2327"]
[PlyCount "62"]
[EventDate "2015.07.??"]
[EventType "swiss"]
[EventRounds "9"]
[EventCountry "USA"]

1. e4 e5 2. Nf3 Nc6 3. Bb5 g6 4. O-O Bg7 5. c3 d6 6. d4 Bd7 7. Re1 Nge7 8. d5
Nb8 9. Bxd7+ Nxd7 10. c4 O-O 11. Nc3 h6 12. Nd2 f5 13. f3 f4 14. a3 h5 15. b4
g5 16. Na4 Nf6 17. c5 Rf7 18. Bb2 Bf8 19. Rc1 Rg7 20. Qc2 Ng6 21. cxd6 cxd6 22.
Qd3 g4 23. Rc2 Nh4 24. Nc3 gxf3 25. Nxf3 Ng4 26. Rce2 Qb6+ 27. Kf1 Nxf3 28.
gxf3 Nxh2+ 29. Rxh2 Qg1+ 30. Ke2 Qxh2+ 31. Kd1 Qg2 0-1

[Event "43rd World Open"]
[Site "Arlington, VA"]
[Date "2015.07.02"]
[Round "3"]
[White "Wheeler, Cameron"]
[Black "Malhotra, Akshay"]
[Result "1/2-1/2"]
[WhiteElo "2304"]
[BlackElo "2105"]
[PlyCount "39"]
[EventDate "2015.07.??"]
[EventType "swiss"]
[EventRounds "9"]
[EventCountry "USA"]

1. c4 c6 2. e4 d5 3. exd5 cxd5 4. d4 Nf6 5. Nc3 Nc6 6. Nf3 g6 7. cxd5 Nxd5 8.
Qb3 Nxc3 9. bxc3 Bg7 10. d5 Na5 11. Bb5+ Bd7 12. Qb4 Rc8 13. Bd2 b6 14. Rc1 Rc5
15. Bxd7+ Qxd7 16. c4 Qc7 17. Qa4+ Qd7 18. Qb4 Qc7 19. Qa4+ Qd7 20. Qb4 1/2-1/2

[Event "43rd World Open"]
[Site "Arlington, VA"]
[Date "2015.07.03"]
[Round "4.1"]
[White "Kovalyov, Anton"]
[Black "Smirin, Ilya"]
[Result "1/2-1/2"]
[WhiteElo "2613"]
[BlackElo "2663"]
[PlyCount "72"]
[EventDate "2015.07.??"]
[EventType "swiss"]
[EventRounds "9"]
[EventCountry "USA"]
[WhiteClock "0:28:39"]
[BlackClock "0:12:37"]

1. Nf3 Nf6 2. c4 g6 3. Nc3 Bg7 4. e4 d6 5. d4 O-O 6. Be2 e5 7. Be3 Ng4 8. Bg5
f6 9. Bh4 g5 10. Bg3 Nh6 11. dxe5 dxe5 12. Qxd8 Rxd8 13. h4 g4 14. Nd2 Na6 15.
O-O-O f5 16. f4 Re8 17. Bh2 c6 18. Rhe1 exf4 19. Bxf4 Nc5 20. Bf1 Nf7 21. Nb3
Nxb3+ 22. axb3 Be5 23. Bxe5 Nxe5 24. exf5 Bxf5 25. Ne4 Bxe4 26. Rxe4 Re7 27.
Kc2 Rae8 28. Kc3 h5 29. Rde1 c5 30. Bd3 Kg7 31. Bc2 a5 32. g3 b6 33. R1e2 Nc6
34. Rxe7+ Rxe7 35. Rxe7+ Nxe7 36. Be4 Kf6 1/2-1/2

[Event "43rd World Open"]
[Site "Arlington, VA"]
[Date "2015.07.03"]
[Round "4.2"]
[White "Mamedov, Rauf"]
[Black "Mekhitarian, Krikor"]
[Result "1-0"]
[WhiteElo "2639"]
[BlackElo "2589"]
[PlyCount "113"]
[EventDate "2015.07.??"]
[EventType "swiss"]
[EventRounds "9"]
[EventCountry "USA"]
[WhiteClock "0:16:46"]
[BlackClock "0:11:21"]

1. Nf3 Nf6 2. g3 g6 3. b3 Bg7 4. Bb2 O-O 5. Bg2 d5 6. c4 c6 7. O-O Nbd7 8. Qc2
Re8 9. Nc3 dxc4 10. bxc4 e5 11. d3 Nc5 12. Rfd1 Qc7 13. Rab1 Bf5 14. Nh4 Be6
15. Ba3 Bf8 16. Na4 Nfd7 17. Nc3 Nf6 18. h3 Rad8 19. Na4 Nfd7 20. Nf3 h6 21.
Nd2 b6 22. Nc3 Nf6 23. Qc1 Kg7 24. Nb3 Ncd7 25. Bxf8+ Nxf8 26. a4 Bd7 27. a5
Ne6 28. axb6 axb6 29. Qb2 Rb8 30. e3 Kh7 31. Rbc1 Qc8 32. h4 g5 33. d4 exd4 34.
Nxd4 Nc5 35. hxg5 hxg5 36. Nf3 g4 37. Nh4 Qc7 38. Nd5 Nxd5 39. cxd5 Qe5 40.
Qb1+ Kg7 41. dxc6 Be6 42. Qb4 Rec8 43. Rb1 b5 44. Rd4 Na4 45. Rbd1 Qc5 46.
Rxg4+ Bxg4 47. Qxg4+ Kf8 48. Nf5 Qe5 49. Qb4+ Nc5 50. Rd5 Qa1+ 51. Kh2 Rxc6 52.
Rxc5 Rxc5 53. Qxc5+ Kg8 54. Ne7+ Kh8 55. Qh5+ Kg7 56. Nf5+ Kg8 57. Qg5+ 1-0

[Event "43rd World Open"]
[Site "Arlington, VA"]
[Date "2015.07.03"]
[Round "4.3"]
[White "Zhou, Jianchao"]
[Black "Akobian, Varuzhan"]
[Result "1/2-1/2"]
[WhiteElo "2601"]
[BlackElo "2632"]
[PlyCount "26"]
[EventDate "2015.07.??"]
[EventType "swiss"]
[EventRounds "9"]
[EventCountry "USA"]
[WhiteClock "1:32:00"]
[BlackClock "1:38:52"]

1. d4 d5 2. c4 e6 3. Nc3 Be7 4. Bf4 Nf6 5. e3 O-O 6. Nf3 Nbd7 7. Be2 dxc4 8.
O-O c5 9. Bxc4 cxd4 10. Qxd4 Nb6 11. Bb3 Qxd4 12. Nxd4 Bd7 13. Rac1 Rfc8
1/2-1/2

[Event "43rd World Open"]
[Site "Arlington, VA"]
[Date "2015.07.03"]
[Round "4.4"]
[White "Stripunsky, Alexander"]
[Black "Lenderman, Aleksandr"]
[Result "0-1"]
[WhiteElo "2561"]
[BlackElo "2623"]
[PlyCount "79"]
[EventDate "2015.07.??"]
[EventType "swiss"]
[EventRounds "9"]
[EventCountry "USA"]
[WhiteClock "0:30:10"]
[BlackClock "0:16:37"]

1. d4 Nf6 2. Nf3 d5 3. c4 e6 4. e3 b6 5. Nbd2 Bb7 6. b4 Nbd7 7. Rb1 a5 8. b5
Bd6 9. Bb2 Ne4 10. Be2 f5 11. O-O Qe7 12. Nxe4 dxe4 13. Ne5 Nxe5 14. dxe5 Bc5
15. Qc2 O-O 16. Rbd1 f4 17. exf4 Rxf4 18. Bd4 e3 19. fxe3 Qg5 20. Bd3 Bxd4 21.
exd4 Bxg2 22. Bxh7+ Kh8 23. Qxg2 Rg4 24. Be4 Rd8 25. Kh1 Rxg2 26. Bxg2 Qh4 27.
Rd3 Kg8 28. Rfd1 Rd7 29. a4 g5 30. d5 Qxc4 31. d6 cxd6 32. exd6 Qxa4 33. Bc6
Rd8 34. d7 Qc2 35. R3d2 Qc5 36. Rg2 Kf7 37. Rdg1 Kf6 38. Rf1+ Ke7 39. Rgf2 Rh8
40. Rd2 0-1

[Event "43rd World Open"]
[Site "Arlington, VA"]
[Date "2015.07.03"]
[Round "4"]
[White "Nyzhnyk, Illia"]
[Black "Preotu, Razvan"]
[Result "1/2-1/2"]
[WhiteElo "2627"]
[BlackElo "2452"]
[PlyCount "91"]
[EventDate "2015.07.??"]
[EventType "swiss"]
[EventRounds "9"]
[EventCountry "USA"]

1. d4 Nf6 2. Nf3 e6 3. c4 b6 4. g3 Ba6 5. b3 Bb4+ 6. Bd2 Be7 7. Bg2 c6 8. O-O
d5 9. Bc3 O-O 10. Nbd2 Nbd7 11. Qc2 Rc8 12. Rfd1 c5 13. dxc5 bxc5 14. e3 Qb6
15. a4 Rfd8 16. a5 Qb8 17. Qb2 Bb7 18. cxd5 exd5 19. Rac1 Bc6 20. Qa1 a6 21.
Bb2 Nf8 22. Ba3 Qa7 23. Nh4 Bd7 24. Bb2 Ng6 25. Nhf3 Bb5 26. Nb1 Qb7 27. Ne5
Nxe5 28. Bxe5 Bc6 29. Nd2 Qb4 30. h3 h6 31. Rc2 Ba8 32. Rdc1 Ne8 33. Qc3 Qxc3
34. Rxc3 Bb7 35. R3c2 Nc7 36. b4 Ne6 37. bxc5 Rxc5 38. Nb3 Rxc2 39. Rxc2 Bb4
40. h4 f6 41. Bh3 fxe5 42. Bxe6+ Kh8 43. Rc7 Ba8 44. Bc8 d4 45. Bxa6 Bd5 46.
Nc5 1/2-1/2

[Event "43rd World Open"]
[Site "Arlington, VA"]
[Date "2015.07.03"]
[Round "4"]
[White "Ramirez, Alejandro"]
[Black "Zapata, Alonso"]
[Result "1/2-1/2"]
[WhiteElo "2587"]
[BlackElo "2443"]
[PlyCount "74"]
[EventDate "2015.07.??"]
[EventType "swiss"]
[EventRounds "9"]
[EventCountry "USA"]

1. Nf3 Nf6 2. c4 c5 3. Nc3 Nc6 4. d4 cxd4 5. Nxd4 d6 6. e4 g6 7. Be2 Bg7 8. Nc2
O-O 9. Be3 b6 10. O-O Bb7 11. Qd2 Rc8 12. b3 Ne5 13. f3 a6 14. Rac1 Ned7 15.
Rfd1 Re8 16. Bf1 Qc7 17. Nd5 Qb8 18. Qf2 Nxd5 19. cxd5 b5 20. Nd4 Ne5 21. a4
bxa4 22. bxa4 e6 23. dxe6 fxe6 24. Qb2 Qa8 25. Rxc8 Bxc8 26. Rc1 d5 27. Rc7 Nf7
28. Qb6 Be5 29. Rc1 dxe4 30. f4 Qb8 31. Rb1 Qxb6 32. Rxb6 Bxf4 33. Bxf4 e5 34.
Bxe5 Nxe5 35. Bxa6 Bxa6 36. Rxa6 e3 37. Re6 Rd8 1/2-1/2

[Event "43rd World Open"]
[Site "Arlington, VA"]
[Date "2015.07.03"]
[Round "4"]
[White "Tang, Andrew"]
[Black "Jussupow, Artur"]
[Result "1-0"]
[WhiteElo "2365"]
[BlackElo "2586"]
[PlyCount "71"]
[EventDate "2015.07.??"]
[EventType "swiss"]
[EventRounds "9"]
[EventCountry "USA"]

1. d4 Nf6 2. c4 e6 3. Nc3 Bb4 4. Qc2 d6 5. Nf3 O-O 6. e4 Nc6 7. Bd3 e5 8. d5
Ne7 9. a3 Bxc3+ 10. Qxc3 Nh5 11. h3 Ng6 12. g3 f5 13. exf5 e4 14. Bc2 Bxf5 15.
Nd4 Bd7 16. Be3 Nf6 17. O-O-O c5 18. dxc6 bxc6 19. Ne2 Qe7 20. Qb4 Be6 21. Qxd6
Bxc4 22. Nc3 Qf7 23. Nxe4 Nxe4 24. Bxe4 Bb3 25. Rd4 Ne7 26. Qc5 Nd5 27. Bxd5
cxd5 28. Kb1 Rfc8 29. Qd6 Qf5+ 30. Ka1 Rab8 31. Rb4 Rxb4 32. Qxb4 Qc2 33. Qf4
Bc4 34. Qg4 Rc7 35. Qe6+ Rf7 36. Bc5 1-0

[Event "43rd World Open"]
[Site "Arlington, VA"]
[Date "2015.07.03"]
[Round "4"]
[White "Troff, Kayden"]
[Black "Garcia, Gildardo"]
[Result "0-1"]
[WhiteElo "2545"]
[BlackElo "2389"]
[PlyCount "80"]
[EventDate "2015.07.??"]
[EventType "swiss"]
[EventRounds "9"]
[EventCountry "USA"]

1. d4 Nf6 2. c4 e6 3. Nf3 d5 4. Nc3 Bb4 5. Bg5 h6 6. Bxf6 Qxf6 7. e3 dxc4 8.
Bxc4 c5 9. Rc1 cxd4 10. Qa4+ Bd7 11. Qxb4 dxc3 12. Rxc3 Nc6 13. Qc5 Qe7 14. Qh5
g6 15. Qg4 e5 16. Qg3 g5 17. O-O f5 18. Nd2 O-O-O 19. Bd5 Kb8 20. Nc4 f4 21.
Qf3 Bg4 22. Qe4 Bf5 23. Qxf5 Rxd5 24. Rd3 Rxd3 25. Qxd3 Rd8 26. Qe4 Qc5 27. h3
Qd5 28. Qc2 f3 29. g3 e4 30. Rc1 Nb4 31. Qb3 Nd3 32. Rd1 h5 33. Rf1 Rc8 34. Nd2
Qf5 35. Kh2 h4 36. g4 Qe5+ 37. Kh1 Nxf2+ 38. Rxf2 Qg3 39. Qd5 Rc1+ 40. Nf1
Rxf1+ 0-1

[Event "43rd World Open"]
[Site "Arlington, VA"]
[Date "2015.07.03"]
[Round "4"]
[White "Liu, Bovey"]
[Black "Subramanian, Arun"]
[Result "0-1"]
[WhiteElo "2066"]
[BlackElo "2496"]
[PlyCount "101"]
[EventDate "2015.07.??"]
[EventType "swiss"]
[EventRounds "9"]
[EventCountry "USA"]

1. e4 c5 2. Nf3 d6 3. Bb5+ Nd7 4. d4 cxd4 5. Qxd4 a6 6. Bxd7+ Bxd7 7. Nc3 Rc8
8. e5 dxe5 9. Nxe5 Nf6 10. Nxd7 Qxd7 11. Qxd7+ Nxd7 12. Be3 e6 13. O-O-O Nf6
14. f3 Bb4 15. Bd4 h5 16. Rd3 Bxc3 17. Bxc3 Nd5 18. Bd2 f6 19. b3 b5 20. a3 Rc6
21. Kb2 Kf7 22. f4 Rhc8 23. Rc1 Kg6 24. Rg3+ Kf7 25. Rd3 Kg6 26. Rg3+ Kf5 27.
Rxg7 Nxf4 28. Bxf4 Kxf4 29. Rg3 f5 30. Rf3+ Kg5 31. Rg3+ Kf6 32. h4 Rd8 33. c3
Rcc8 34. Rc2 Rg8 35. Re3 e5 36. Rf2 Ke6 37. g3 e4 38. Kc2 Rg7 39. a4 bxa4 40.
bxa4 Rcg8 41. Rg2 Ke5 42. Kb3 Rb8+ 43. Ka2 Rd7 44. Rge2 Rd1 45. Rg2 Rd3 46.
Ree2 Rxc3 47. Rb2 Rxb2+ 48. Kxb2 Rc5 49. Re2 a5 50. Kb3 Kd4 51. Ka2 0-1

[Event "43rd World Open"]
[Site "Arlington, VA"]
[Date "2015.07.03"]
[Round "4"]
[White "Jayaram, Ashwin"]
[Black "Acor, Corey"]
[Result "0-1"]
[WhiteElo "2492"]
[BlackElo "2280"]
[PlyCount "65"]
[EventDate "2015.07.??"]
[EventType "swiss"]
[EventRounds "9"]
[EventCountry "USA"]

1. d4 Nf6 2. c4 e5 3. dxe5 Ng4 4. Bf4 g5 5. Bd2 Bg7 6. h4 gxh4 7. Bc3 O-O 8.
Nf3 Nc6 9. Nxh4 Ncxe5 10. Nf5 Qf6 11. Qc2 Re8 12. f4 d5 13. Nxg7 Qxg7 14. Bxe5
Rxe5 15. fxe5 Ne3 16. Qd3 d4 17. g4 Bxg4 18. Na3 Rd8 19. Qe4 Re8 20. Qxd4 Qg5
21. Rd1 c5 22. Qe4 h5 23. Rd2 Rxe5 24. Qxb7 Rf5 25. Qb8+ Kh7 26. Rd3 Nxf1 27.
Qb3 Bxe2 28. Kxe2 Qg2+ 29. Kd1 Qxh1 30. Kc2 Qe4 31. Kc1 Rf2 32. Nc2 Ng3 33. Rd1
0-1

[Event "43rd World Open"]
[Site "Arlington, VA"]
[Date "2015.07.03"]
[Round "4"]
[White "Yu, Jennifer"]
[Black "Georgiadis, Nico"]
[Result "0-1"]
[WhiteElo "2073"]
[BlackElo "2482"]
[PlyCount "76"]
[EventDate "2015.07.??"]
[EventType "swiss"]
[EventRounds "9"]
[EventCountry "USA"]

1. c4 f5 2. Nc3 Nf6 3. g3 e5 4. Bg2 Bb4 5. e3 Bxc3 6. bxc3 O-O 7. d4 d6 8. Ne2
c5 9. Rb1 e4 10. O-O b6 11. f3 Bb7 12. fxe4 Bxe4 13. Bxe4 Nxe4 14. dxc5 dxc5
15. Qxd8 Rxd8 16. Rxf5 Nc6 17. Ba3 Rd2 18. Rb2 Rd1+ 19. Rf1 Rxf1+ 20. Kxf1 Ne5
21. Rc2 Rf8+ 22. Nf4 Nxc4 23. Bc1 g5 24. Kg2 gxf4 25. exf4 Rd8 26. Kf3 Nf6 27.
f5 Ne5+ 28. Kg2 Nd3 29. Kh3 Nxc1 30. Rxc1 Rd2 31. Ra1 Rc2 32. a4 Rxc3 33. Kh4
Rc4+ 34. Kh3 Rd4 35. a5 c4 36. Rb1 c3 37. axb6 axb6 38. Rxb6 Rc4 0-1

[Event "43rd World Open"]
[Site "Arlington, VA"]
[Date "2015.07.03"]
[Round "4"]
[White "Bachmann, Axel"]
[Black "Rohan, Ahuja"]
[Result "1/2-1/2"]
[WhiteElo "2633"]
[BlackElo "2322"]
[PlyCount "122"]
[EventDate "2015.07.??"]
[EventType "swiss"]
[EventRounds "9"]
[EventCountry "USA"]

1. c4 g6 2. Nc3 c5 3. Nf3 Bg7 4. d4 cxd4 5. Nxd4 Nc6 6. Nc2 Bxc3+ 7. bxc3 Qa5
8. Bd2 Nf6 9. f3 d6 10. e4 Qa4 11. Qb1 Be6 12. Ne3 Rc8 13. Nd5 b6 14. Qb3 Qa5
15. Be2 Ne5 16. Be3 Nxd5 17. cxd5 Bd7 18. Bd4 O-O 19. O-O Nc4 20. Bxc4 Ba4 21.
Qb2 Rxc4 22. f4 f5 23. exf5 Rxf5 24. Qe2 Qxd5 25. Qxe7 Rf7 26. Qe3 Rc8 27. Rae1
Bb5 28. Rf2 Re8 29. Qd2 Rfe7 30. Rxe7 Rxe7 31. h3 Qe4 32. Kh2 Qd3 33. Qc1 Re2
34. Rxe2 Qxe2 35. f5 Bc6 36. Qg5 Qe4 37. Qd8+ Kf7 38. Qf6+ Ke8 39. Qh8+ Kd7 40.
Qxh7+ Kc8 41. Qxg6 Qf4+ 42. Kh1 Qc1+ 43. Kh2 Qf4+ 44. Qg3 Qxf5 45. Qxd6 Qe4 46.
Qg3 Bd5 47. Qf2 Be6 48. g4 Bd5 49. a3 Kb7 50. Kg3 Ka6 51. h4 Be6 52. Qf3 Qe1+
53. Kh3 Bc4 54. h5 Bf1+ 55. Kh2 Qh4+ 56. Kg1 Bh3 57. Qd3+ Ka5 58. Qf5+ Ka6 59.
Qd3+ Ka5 60. c4 Qxg4+ 61. Kf2 Qf5+ 1/2-1/2